Soil biology and conservation of the biosphere / (Record no. 24802)

MARC details
000 -LEADER
fixed length control field 01109cam a2200301 a 4500
001 - CONTROL NUMBER
control field 490422
003 - CONTROL NUMBER IDENTIFIER
control field OSt
005 - DATE AND TIME OF LATEST TRANSACTION
control field 20211229092549.0
008 - FIXED-LENGTH DATA ELEMENTS--GENERAL INFORMATION
fixed length control field 840823s1984 hu a b 100 0 eng
010 ## - LIBRARY OF CONGRESS CONTROL NUMBER
LC control number 84204278
020 ## - INTERNATIONAL STANDARD BOOK NUMBER
International Standard Book Number 9630537001 (set)
020 ## - INTERNATIONAL STANDARD BOOK NUMBER
International Standard Book Number 9630538628 (v. 1)
020 ## - INTERNATIONAL STANDARD BOOK NUMBER
International Standard Book Number 9630538636 (v. 2)
040 ## - CATALOGING SOURCE
Original cataloging agency DLC
Transcribing agency HU
Modifying agency DLC
050 00 - LIBRARY OF CONGRESS CALL NUMBER
Classification number QH84.8
Item number .S636 1984
082 00 - DEWEY DECIMAL CLASSIFICATION NUMBER
Classification number 631.4/6
Edition number 19
245 00 - TITLE STATEMENT
Title Soil biology and conservation of the biosphere /
Statement of responsibility, etc. edited by J. Szegi.
260 ## - PUBLICATION, DISTRIBUTION, ETC.
Place of publication, distribution, etc. Budapest :
Name of publisher, distributor, etc. Akadémiai Kiadó,
Date of publication, distribution, etc. 1984.
300 ## - PHYSICAL DESCRIPTION
Extent 2 v. :
Other physical details ill. ;
Dimensions 25 cm.
500 ## - GENERAL NOTE
General note "Proceedings of the 8th meeting of the Soil Biology Section of the Hungarian Society for Soil Science, Gödöllō, 26-28 August, 1981"--Verso t.p.
504 ## - BIBLIOGRAPHY, ETC. NOTE
Bibliography, etc. note Includes bibliographies.
650 #0 - SUBJECT ADDED ENTRY--TOPICAL TERM
Topical term or geographic name entry element Soil biology
General subdivision Congresses.
9 (RLIN) 25883
650 #0 - SUBJECT ADDED ENTRY--TOPICAL TERM
Topical term or geographic name entry element Soil conservation
General subdivision Congresses.
9 (RLIN) 17514
700 1# - ADDED ENTRY--PERSONAL NAME
Personal name Szegi, J.
9 (RLIN) 25884
710 2# - ADDED ENTRY--CORPORATE NAME
Corporate name or jurisdiction name as entry element Magyar Agrártudományi Egyesület.
Subordinate unit Society for Soil Science.
-- Soil Biology Section.
9 (RLIN) 25885
906 ## - LOCAL DATA ELEMENT F, LDF (RLIN)
a 7
b cbc
c orignew
d 2
e ncip
f 19
g y-gencatlg
942 ## - ADDED ENTRY ELEMENTS (KOHA)
Source of classification or shelving scheme Dewey Decimal Classification
Koha item type Books like text book referance book
Suppress in OPAC No
Holdings
Withdrawn status Lost status Source of classification or shelving scheme Damaged status Not for loan Collection code Home library Current library Shelving location Date acquired Total Checkouts Full call number Barcode Date last seen Copy number Price effective from Koha item type
    Dewey Decimal Classification     Reference Wondo Genet Library Wondo Genet Library General Stacks 12/29/2021   631.4/6 SOI 1984 WGCFNRL00009841 12/29/2021 1 12/29/2021 Books like text book referance book
    Dewey Decimal Classification     Reference Wondo Genet Library Wondo Genet Library General Stacks 01/10/2022   631.4/6 SOI 1984 WGCFNRL00010108 01/10/2022 2 01/10/2022 Books like text book referance book